| 000 | 00000nam##2200000za#4500 |
| 001 | 9.675914 |
| 003 | CaOODSP |
| 005 | 20250403105546 |
| 007 | cr ||||||||||| |
| 008 | 150407|1999||||xxc|||||o f|0| 0 fre|d |
| 040 | |aCaOODSP|bfre |
| 041 | |aeng |
| 041 | |afre |
| 043 | |an-cn--- |
| 086 | 1 |aCS95-186/1999-PDF |
| 245 | 00|aProfil des divisions et subdivisions de recensement du Québec |h[ressource électronique] |
| 260 | |aOttawa - Ontario : |bStatistique Canada |c1999. |
| 300 | |a4 vols. En pagination multiple.|btableaux |
| 500 | |aPublication du recensement historique numérisé par Statistique Canada. |
| 590 | |a12-44-Supp|b2012-12-13 |
| 691 | 07|aRecensement|2gcpds |
| 710 | 2 |aStatistique Canada. |
| 791 | |tProfile of census divisions and subdivisions in Québec |eeng|w(CaOODSP)9.675913 |
| 856 | 40|ahttp://publications.gc.ca|qPDF|s31.0 Mo|uhttps://publications.gc.ca/collections/collection_2012/statcan/rh-hc/CS95-186-1999-4.pdf |
| 856 | 40|ahttp://publications.gc.ca|qPDF|s32.3|uhttps://publications.gc.ca/collections/collection_2012/statcan/rh-hc/CS95-186-1999-2.pdf |
| 856 | 40|ahttp://publications.gc.ca|qPDF|s30.9 Mo|uhttps://publications.gc.ca/collections/collection_2012/statcan/rh-hc/CS95-186-1999-3.pdf |
| 856 | 40|ahttp://publications.gc.ca|qPDF|s31.3 Mo|uhttps://publications.gc.ca/collections/collection_2012/statcan/rh-hc/CS95-186-1999-1.pdf |